000 00877nam a2200217 i 4500
001 122368
003 ES-MaACL
005 20250904063056.0
007 t|
008 070214s1920 sp |||| | spa d
100 1 _aPrieto Pazos, Faustino,
_d1861-
_993938
245 1 0 _aSituación político-económica de España
_b: males y remedios /
_cFaustino Prieto Pazos ; edición costeada por el senador... D. Luis Federico Guirao y Girada.
260 _aMadrid :
_bR. Velasco,
_c1920.
300 _a24 p. ;
_c23 cm.
500 _aPrecede al tít.: Real Sociedad Económica Matritense de Amigos del país.
651 4 _aEspaña-
_xSituación económica-
_y1902-1931.
_9158843
700 1 _aGuirao y Girada, Luis Federico.
_960888
710 2 _aReal Sociedad Económica Matritense de Amigos del País.
_96389
852 _aES-MaACL
_j1596-F-22
999 _c122368
_d122368